History Quiz

Random History or Numbers Quiz

Just Be Close: History Edition Quiz Stats

 Plays Quiz Updated Oct 3, 2018

Score 0/16 Timer 04:00
1 Play Today
Clue Close? % Correct
Number of Israeli Prime Ministers to serve to date???
87.6%
Number of Points proposed by U.S. President Woodrow Wilson in a noted speech regarding international peace???
86.6%
Countries that made up NATO (North Atlantic Treaty Organization) at its 1949 founding ???
84%
U.S. Presidents who attended college???
76.1%
Number of ruling monarchs from the House of Stuart of Scotland, Great Britain, & England???
73.2%
Span (in years) between the beginning of World War I and the end of World War II???
70.3%
Number of years it took to build the Panama Canal???
68.1%
Orbits of Earth made by first manned flight in space (Yuri Gagarin's Vostok 1 on April 12, 1961)???
66.9%
Clue Close? % Correct
Years Fidel Castro reigned in Cuba as head of state???
65.6%
Days the Battle of Gettysburg lasted???
55.4%
Number of the lifeboats the Titanic held prior to sinking???
54.8%
Years ruled by the longest verified ruling monarch in history, Sobhuza II of Swaziland???
44.3%
Hours it took Charles Lindbergh to fly the first nonstop flight across the Atlantic Ocean???
40.1%
Minutes in the shortest war in history, the Anglo-Zanzibar War???
36%
Population of Brazil, circa 1939 (in millions)???
33.9%
Parallel that separated North and South Vietnam???
20.6%

You're not logged in!

Compare scores with friends on all Sporcle quizzes.
OR
Log In

Sporcle TV

Today on Sporcle TV


Watch our educational content, quiz creation guides, and fun videos on Sporcle TV.

Show Comments

Extras

Top Quizzes Today


Score Distribution

Your Account Isn't Verified!

In order to create a playlist on Sporcle, you need to verify the email address you used during registration. Go to your Sporcle Settings to finish the process.

Report this User

Report this user for behavior that violates our Community Guidelines.

Details: